000 00549nam a2200217 a 4500
001 0001-1939
003 ELIB.Books
008 181212 2010 eng
020 _aKBTS
092 _a153.35
_bCam
100 _acameron, Julia
245 _aInspirations
260 _aNew York
_bJeremy P. Tarcher/ Putnam
_c2001
300 _a102
_c15.2 Cm
650 _aCreativity/ Quotations
856 _nKBTS Library
_uKBTS Elib
942 _2ddc
_cBK
990 _a1
998 _aEnglishbooks.elf
_ccat
_e2018-12-12
999 _c11939
_d11939